The Persian land reform, 1962-1966 / (Record no. 21604)

MARC details
000 -LEADER
fixed length control field 00763cam a2200265 4500
001 - CONTROL NUMBER
control field 2767733
003 - CONTROL NUMBER IDENTIFIER
control field BDDh-ASL
005 - DATE AND TIME OF LATEST TRANSACTION
control field 20231015030021.0
008 - FIXED-LENGTH DATA ELEMENTS--GENERAL INFORMATION
fixed length control field 700224s1969 enkf b 001 0 eng
010 ## - LIBRARY OF CONGRESS CONTROL NUMBER
LC control number 79441517
015 ## - NATIONAL BIBLIOGRAPHY NUMBER
National bibliography number B69-24461
020 ## - INTERNATIONAL STANDARD BOOK NUMBER
International Standard Book Number 0198281633
040 ## - CATALOGING SOURCE
Original cataloging agency DLC
Transcribing agency DLC
Modifying agency DLC
-- BDDh-ASL
050 00 - LIBRARY OF CONGRESS CALL NUMBER
Classification number HD926
Item number .L3
082 00 - DEWEY DECIMAL CLASSIFICATION NUMBER
Classification number 955.333
Item number LAP
100 1# - MAIN ENTRY--PERSONAL NAME
Personal name Lambton, Ann K. S.,
Dates associated with a name 1912-2008.
245 14 - TITLE STATEMENT
Title The Persian land reform, 1962-1966 /
Statement of responsibility, etc. [by] Ann K. S. Lambton.
260 ## - PUBLICATION, DISTRIBUTION, ETC.
Place of publication, distribution, etc. Oxford :
Name of publisher, distributor, etc. Clarendon P.,
Date of publication, distribution, etc. 1969.
300 ## - PHYSICAL DESCRIPTION
Extent xiii, 386 p. :
Other physical details fold plate.
Dimensions 23 cm.
350 ## - PRICE (NR) (BK AM CF MU VM SE) [OBSOLETE]
Price 84/-
504 ## - BIBLIOGRAPHY, ETC. NOTE
Bibliography, etc. note Bibliographical footnotes.
650 #0 - SUBJECT ADDED ENTRY--TOPICAL TERM
Topical term or geographic name entry element Land reform
Geographic subdivision Iran.
906 ## - LOCAL DATA ELEMENT F, LDF (RLIN)
a 7
b cbc
c orignew
d u
e ncip
f 19
g y-gencatlg
942 ## - ADDED ENTRY ELEMENTS (KOHA)
Source of classification or shelving scheme Dewey Decimal Classification
Koha item type Books
Holdings
Withdrawn status Lost status Source of classification or shelving scheme Damaged status Not for loan Collection code Home library Current library Shelving location Date acquired Source of acquisition Total Checkouts Full call number Barcode Date last seen Copy number Price effective from Koha item type Public note
    Dewey Decimal Classification     Non-fiction Asiatic Society Library Asiatic Society Library General Stacks 02/07/2021 ASB Library Collections   955.333 LAP 105448 02/07/2021 C-1 02/07/2021 Books RARE

Powered by Koha